Prime Ministers of Canada - Statistics

General Stats
  • This quiz has been taken 534 times
  • The average score is 15 of 27
Answer Stats
Hint Answer % Correct
1968-1979 Pierre Trudeau
94%
1980-1984 Pierre Trudeau
94%
2006- Stephen Harper
91%
1867-1873 John. A. MacDonald
87%
1878-1891 John A. MacDonald
87%
1873-1878 Alexander MacKenzie
73%
1984-1993 Brian Mulroney
71%
1993-2003 Jean Chretien
71%
1993-1993 Kim Campbell
71%
2003-2006 Paul Martin
66%
1896-1911 Wilfred Laurier
66%
1963-1968 Lester B. Pearson
59%
1957-1963 John Diefenbaker
56%
1979-1980 Joe Clark
55%
1911-1920 Robert Borden
50%
1984-1984 John Turner
49%
1948-1957 Louis St.Laurent
40%
1930-1935 R.P. Bennett
37%
1896-1896 Charles Tupper
31%
1935-1948 William MacKenzie Lyom
30%
1921-1926 William MacKenzie Lyon
30%
1926-1930 William MacKenzie Lyon
30%
1891-1892 John Abbott
28%
1929-1921 Arthur Meighen
25%
1926-1926 Arthur Meighen
25%
1892-1894 John Thompson
24%
1894-1896 MacKenzie Bowell
24%
No matching quizzes found
Score Distribution
Percent of People with Each Score
Percentile by Number Answered
Your Score History
You have not taken this quiz